Principles of environmental engineering and science /

Gespeichert in:
Bibliographische Detailangaben
Hauptverfasser: Davis, Mackenzie L. 1941- (VerfasserIn), Masten, Susan J. (VerfasserIn)
Format: Buch
Sprache:Englisch
Veröffentlicht: Boston : McGraw-Hill Higher Education, 2009
Ausgabe:2nd ed.
Schlagworte:
ISBN:9780071287807
Online-Zugang: Volltext
Tags: Tag hinzufügen
Keine Tags, Fügen Sie den ersten Tag hinzu!

MARC

LEADER 00000nam a2200000 4500
003 SK-BrCVT
005 20220621170216.0
008 090216s2009 xxu e ||||||eng d
020 |a 9780071287807 
035 |a CVTIDW1472072 
040 |b slo  |a CVTI SR  |e AACR2 
041 0 |a eng 
044 |a xxu 
080 |a 502/504  |2 UDC-MRF 
080 |a 628.3/.5  |2 UDC-MRF 
080 |a 574  |2 UDC-MRF 
100 1 |a Davis, Mackenzie L.  |d 1941-,  |4 aut 
245 1 0 |a Principles of environmental engineering and science /  |c Mackenzie L. Davis, Susan J. Masten 
250 |a 2nd ed. 
260 |a Boston :  |b McGraw-Hill Higher Education,  |c 2009 
300 |a XV, 784 s. :  |b fotogr., grafy, lit., obr., tab. ; 
500 |a McGraw-Hill international edition 
653 1 |a environmentálne inžinierstvo  |a veda o životnom prostredí  |a ekosystém  |a chémia vody  |a energetická rovnováha  |a manažment rizika  |a ochrana pôdy  |a vodné hospodárstvo  |a odpadová voda  |a znečistenie ovzdušia  |a tuhý odpad  |a nebezpečný odpad  |a ionizujúce žiarenie 
700 1 |a Masten, Susan J.  |4 aut 
910 |a BA002  |b A607601 
919 |a 978-0-07-128780-7 
974 |f Knihy 
992 |a AMG 
999 |c 179196  |d 179196